LEADER 00954nam a2200205 u 4500 001 000000109839 003 CaOOAMICUS 005 20080218140201.0 008 080218s1939 it u000 u ita u 040 $aPUL$bita$dMCT 100 1 $aSiliato, Leonardo Salvatore.$0(OLS)http://pul/name/67298 245 13$aLa riforma della previdenza e assistenza sociale nel ventennale dei fasci di combattimento /$cLeonardo Salvatore Siliato. 260 $aMilano :$b"La Prora",$c1939. 300 $a309 p. ;$c26 cm. 650 4$aPrevidenza sociale.$0(OLS)http://pul/subject/28663 850 $aPUL 852 $aPUL$W1$xDP1 Cons. Gen., Altre Classi 1$y22$m829 D 35$j125762$qStampati$B124490$CPULBib$Z2$F124490 $H24066 $82 941 1 $a8 996 $6245$aLa riforma della previdenza e assistenza sociale nel ventennale dei fasci di combattimento$9(OLS)http://pul/title/138126 996 $6260$aMilano :$b"La Prora"$9(OLS)http://pul/publisher/54150 LEADER 01758nam a2200337 a 4500 001 000000143626 003 CaOOAMICUS 005 20150527114207.0 008 150527s2004 vc a u000 u eng r 020 $a88-86726-14-7 040 $aPUL$bita 041 0 $aeng$aita$afre$ager 082 04$a261.8 110 2 $aPontifical Academy of Sciences.$bPlenary session$n(9th :$d2003 :$cVatican City).$0(OLS)http://pul/name/92285 245 14$aThe governance of globalisation :$bthe proceedings of the ninth plenary session of the Pontifical Academy of Social Sciences 2-6 May 2003 /$c[edited by Edmond Malinvaud and Louis Sabourin]. 260 $aVatican City :$bPontifical Academy of Sciences,$c2004. 300 $aXXXV, 403 p. :$bill. ;$c24 cm 490 1 $aPontifical Academy of Social Sciences Acta ;$v09 546 $aInterventi in inglese, italiano, francese e tedesco. 650 4$aGlobalizzazione.$0(OLS)http://pul/subject/38133 700 1 $aMalinvaud, Edmond.$0(OLS)http://pul/name/92287 700 1 $aSabourin, Louis.$0(OLS)http://pul/name/92288 830 0$aPontifical Academy of Social Sciences$pActa ;$v09.$0(OLS)http://pul/title/147421 850 $aPUL 852 $aPUL$W1$xSL Religione 3$y85$m261. 8 PASS 1.9$j165710$qDDC 21$B166055$CPULBib$Z2$F166055 $H125915 $82 941 1 $a9 996 $6020$a88-86726-14-7$9(OLS)http://pul/number/157664 996 $6082$a261.8$9(OLS)http://pul/classification/367 996 $6245$aThe governance of globalisation :$bthe proceedings of the ninth plenary session of the Pontifical Academy of Social Sciences 2-6 May 2003$9(OLS)http://pul/title/181722 996 $6260$aVatican City :$bPontifical Academy of Sciences$9(OLS)http://pul/publisher/81454